000 00206 a2200097 4500
020 _a9968123617
041 _aspa
100 _aSantillana
245 _aGuia de Aprendisaje Multigrado EspaoÌšl 5
942 _cBK
999 _c15623
_d15623